00772nam a2200181Ia 450000500170000000800410001702000180005805000200007610000300009624500710012626000300019730000190022733700100024633800140025650000210027050502730029165000260056420231102151654.0121028t2014 mx f 000 0 spa d a970-91084-7-7 aHJ4664 C37 200510aCÁRDENAS Peña, Carmen10aPago de impuestos en "Español" 2005 c/ Carmen Cárdenas Peña aMéxicob : Rocarc,2012 a464 páginas  atexto asin medio aIncluye índice aPrólogo Cap. 1. Visión general del mecanismo físcal Cap. 2. Personas morales Cap. 3. Ajuste anual por inflación Cap. 4. Impuesto al activo Cap. 5. Impuesto al valor agregado (I.V.A.) Cap. 6. Estímulos físcales para Ejercicio 2005 Cap. 7. Régimen 10aIMPUESTOS z MÉXICO